Entry Topical Term
Number of records used in: 1
001 - CONTROL NUMBER
003 - CONTROL NUMBER IDENTIFIER
005 - DATE AND TIME OF LATEST TRANSACTION
- control field:
20250410104307.0
008 - FIXED-LENGTH DATA ELEMENTS
- fixed length control field:
250410|| aca||aabn | a|a d
040 ## - CATALOGING SOURCE
- Original cataloging agency:
JRU
- Transcribing agency:
JRU
150 ## - HEADING--TOPICAL TERM
- Topical term or geographic name as entry element:
PHYSIOTHERAPY [BPT]
670 ## - SOURCE DATA FOUND
- Source citation:
Work cat.: (JRU)8734: CAMERON, MICHELLE H. 8603, PHYSICAL AGENTS IN REHABILITATION : an evidence-based approach to practice, 2023